| 000 | 00962nam a2200193 a 4500 | ||
|---|---|---|---|
| 001 | 46732 | ||
| 005 | 20180714030420.0 | ||
| 008 | 140415s1989 it 000 0 ita d | ||
| 041 | _aita | ||
| 082 |
_a291.2 _bSCI |
||
| 100 | 1 | _aSCIACCA, MICHELE FEDERICO | |
| 245 | 1 | 0 | _aPASCAL |
| 250 | _a1a ed. | ||
| 260 |
_aITALIA : _bLEPOS, _c1989 |
||
| 300 |
_a156 _c14 x 1.2 x 22.5 |
||
| 490 | _aLE OPERE DI MICHELE FEDERICO SCIACCA SONO PUBBLICATE CON IL PATROCINIO DEL COMUNE DI GIARR | ||
| 520 | _aLA PAROLA NON É MAI PER ALTRO, SE NON PER SÉ STESSA.E IN QUESTO PER TUTTO QUANTO, DALLA POTENZA DEL SUO STESSO ESSERE INTERNA A SÉ STESSA, RIESCA AD AVERE ATTO O É SBALZATO ANCORA IN ATTO DAL TERMINEDEI SUOI COMPIMENTI FINO A PORRE LA DIFFERENZA DEI PRINCIPI E FINO A PRECORRERE L´ONNIVEGGENTE PERDURARE DEGLI INCORROTTI CORROMPIMENTI PER EVI SEMPRE POSTUMI E IN GRAZIA DI EVENTI MAI DESTINABILI. | ||
| 650 | 1 | 4 |
_aAPOLOGETICA _xFILOSOFIA CRISTIANA |
| 999 |
_c46732 _d46732 |
||